| 000 | 00676cab a22001935a 4500 | ||
|---|---|---|---|
| 001 | L153667 | ||
| 008 | 110812e20110812xxk 000 0 eng d | ||
| 035 | _a(Sirsi) u153667 | ||
| 041 | 0 | _aeng | |
| 100 | 1 | _aFitzpatrick, Michael | |
| 245 | 0 | 0 | _aReconstructing Japan |
| 490 |
_aBuilding _v276 (8691) 12 August 2011, 30-33(4) |
||
| 520 | _aCapable local contractors mean that British firms need to know where to offer their expertise to help to rebuild Japan after the earthquake and tsunami; looks at the opportunities and challenges. | ||
| 590 | _aKA | ||
| 651 | 4 | _aJapan | |
| 690 | _aBUILT ENVIRONMENT-CONSTRUCTION MANAGEMENT | ||
| 700 | 1 | _aWright, Emily | |
| 942 | _n0 | ||
| 999 |
_c83349 _d83349 |
||